Major Snack Brands - Statistics

General Stats
  • This quiz has been taken 32 times
  • The average score is 10 of 125
Answer Stats
Hint Answer % Correct
Mars Twix
76%
Nestle Kit Kat
60%
Mars M&Ms
56%
Mars Snickers
56%
Mars Mars
44%
Mars Milky Way
40%
Ferrero Baby Ruth
32%
Mars Skittles
32%
Ferrero Crunch
28%
Ferrero Rocher
28%
Ferrero Butterfinger
24%
Mondelez Oreo
24%
Mars 3 Musketeers
20%
Mondelez Cadbury
20%
Mars Kind
20%
Ferrero Kinder
20%
Nestle Smarties
20%
Ferrero 100 Grand
16%
Nestle Aero
16%
Mars Dove
16%
Mondelez Sour Patch Kids
16%
Mars Starburst
16%
Mondelez Toblerone
16%
Mars Altoids
12%
Mars Bounty
12%
Mars Galaxy
12%
Mars Life Savers
12%
Ferrero Nutella
12%
Ferrero Raffaello
12%
Mondelez Ritz
12%
Mondelez Chips Ahoy!
8%
Mars Maltesers
8%
Mondelez Milka
8%
Nestle Milkybar
8%
Ferrero Oh Henry
8%
Ferrero Raisinets
8%
Mondelez Stride
8%
Ferrero Tic Tac
8%
Mondelez Wheat Thins
8%
Mondelez 5 Star
4%
Mars Balisto
4%
Mondelez Belvita
4%
Mars Big Red
4%
Mars Celebrations
4%
Mondelez Clif
4%
Mars Combos
4%
Mars Eclipse
4%
Mondelez Hu
4%
Mars Hubba Bubba
4%
Mars Juicy Fruit
4%
Ferrero Mon Chéri
4%
Nestle Munch
4%
Mondelez Philadelphia
4%
Ferrero Pocket Coffee
4%
Mondelez Prince
4%
Mondelez Royal
4%
Ferrero Snocaps
4%
Mondelez Tang
4%
Mondelez Tate's Bake Shop
4%
Ferrero Thorntons
4%
Mondelez Tiger
4%
Nestle Toll House
4%
Mondelez Triscuit
4%
Mars Tru Fru
4%
Mondelez TUC
4%
Mars Winterfresh
4%
Mars Wrigley's Spearmint
4%
Ferrero Yogurette
4%
Mars 5 Gum
0%
Mondelez 7Days
0%
Mondelez Alpen Gold
0%
Mars American Heritage
0%
Nestle Baci
0%
Mondelez Barni
0%
Ferrero Blue Bunny
0%
Ferrero Blue Ribbon Classics
0%
Ferrero Bomb Pop
0%
Mondelez Bournvita
0%
Ferrero Brioss
0%
Mondelez Cadbury Dairy Milk
0%
Nestle Cailler
0%
Ferrero Chunky
0%
Mondelez Clorets
0%
Mondelez Club Social
0%
Mondelez Côte d'Or
0%
Mondelez Daim
0%
Nestle Damak
0%
Mars Doublemint
0%
Ferrero Eat Natural
0%
Mondelez Enjoy Life Foods
0%
Ferrero Estathè
0%
Mars Ethel M
0%
Ferrero Famous Amos
0%
Ferrero Fannie May
0%
Ferrero Fiesta
0%
Mondelez Freia
0%
Ferrero Fulfil
0%
Nestle Garoto
0%
Ferrero Giotto
0%
Ferrero Goobers
0%
Mondelez Grenade
0%
Mondelez Halls
0%
Ferrero Halo Top
0%
Ferrero Hanuta
0%
Mondelez Honey Maid
0%
Mars Hotel Chocolat
0%
Nestle Hsu Fu Chi
0%
Ferrero Keebler
0%
Mondelez Kinh Do
0%
Ferrero Kuesschen
0%
Mondelez Lacta
0%
Ferrero Little Brownie Bakers
0%
Mondelez LU
0%
Mondelez Marabou
0%
Mondelez Maynards Bassett's
0%
Mondelez Mikado
0%
Ferrero Mother's
0%
Ferrero Murray
0%
Mars Nature's Bakery
0%
Mars Orbit
0%
Mondelez Perfect Snacks
0%
Nestle Quality Street
0%
Nestle Sahne Nuss
0%
Ferrero Tronky
0%
Mars Wrigley's Extra
0%
No matching quizzes found
Score Distribution
Percent of People with Each Score
Percentile by Number Answered
Your Score History
You have not taken this quiz